000 00485nam a2200181Ia 4500
008 090124s9999 xx 000 0 und d
082 _b133204
_a101129
100 _aमुजावर बशीर.
245 _a प्रवाही
250 _a1
260 _c2005
300 _a200
600 _aमुजावर बशीर.
630 _a प्रवाही
700 _aमुजावर बशीर.
730 _a प्रवाही
942 _cBOOK
999 _c179420
_d179420